[Event "SF Olfen 1 - SC Steinfurt 1"]
[Site "Verbandsliga 2017/2018"]
[Date "2018.03.03"]
[Round "7.1"]
[White "Grälken, Matthias"]
[Black "Koke, Christoph"]
[Result "0-1"]
[WhiteElo "2043"]
[BlackElo "2075"]
[PlyCount "84"]
[EventDate "2018.??.??"]
[SourceDate "2017.09.16"]

1. c4 c6 2. d4 d5 3. cxd5 cxd5 4. Nc3 Nf6 5. Nf3 Nc6 6. Bf4 Nh5 7. Bd2 e6 8. e3
Nf6 9. Ne5 Nxe5 10. dxe5 Nd7 11. f4 a6 12. Rc1 Qb6 13. Na4 Qa7 14. Qc2 Be7 15.
Qc7 Bd8 16. Qc2 b5 17. Nc3 Bb7 18. Bxb5 axb5 19. Nxb5 Qb6 20. Nd6+ Kf8 21. Nxb7
Qxb7 22. a3 f5 23. O-O Kf7 24. Qc6 Qxc6 25. Rxc6 Rb8 26. Bb4 Be7 27. Rc7 Bxb4
28. Rxd7+ Be7 29. b4 Rhd8 30. Rxd8 Bxd8 31. Rc1 Ra8 32. Rc3 Ke7 33. Kf2 Kd7 34.
Ke2 Rc8 35. Rxc8 Kxc8 36. Kd3 Kb7 37. a4 Kb6 38. Kd4 Be7 39. Kc3 g5 40. g3 h5
41. Kb3 g4 42. Kc3 h4 0-1

[Event "SF Olfen 1 - SC Steinfurt 1"]
[Site "Verbandsliga 2017/2018"]
[Date "2018.03.03"]
[Round "7.2"]
[White "Bösel, Alexander"]
[Black "Freitag, Julia"]
[Result "0-1"]
[WhiteElo "2000"]
[BlackElo "2084"]
[PlyCount "54"]
[EventDate "2018.??.??"]
[SourceDate "2017.09.16"]

1. e4 e6 2. d4 d5 3. Nd2 dxe4 4. Nxe4 Be7 5. Nf3 Nf6 6. Bd3 Nc6 7. c3 b6 8. Qe2
Bb7 9. Bd2 Qd7 10. O-O-O O-O-O 11. Kb1 h6 12. Rhe1 Nxe4 13. Bxe4 Bd6 14. c4
Rhe8 15. c5 Bf8 16. Be3 f5 17. Bxc6 Qxc6 18. cxb6 axb6 19. Ka1 Qa4 20. b3 Qa5
21. Bf4 Bb4 22. Qc4 b5 23. Qc1 Bc3+ 24. Kb1 Bxe1 25. Nxe1 Be4+ 26. Ka1 e5 27.
Bd2 Qb6 0-1

[Event "SF Olfen 1 - SC Steinfurt 1"]
[Site "Verbandsliga 2017/2018"]
[Date "2018.03.03"]
[Round "7.3"]
[White "Haselhorst, Helmut"]
[Black "Beutelhoff, Josef"]
[Result "1-0"]
[WhiteElo "2054"]
[BlackElo "1971"]
[PlyCount "63"]
[EventDate "2018.??.??"]
[SourceDate "2017.09.16"]

1. d4 Nf6 2. c4 e6 3. Nf3 d5 4. g3 c6 5. Bg2 Nbd7 6. Qc2 Be7 7. Nbd2 O-O 8. O-O
b6 9. Rd1 Bb7 10. e4 dxc4 11. Nxc4 c5 12. e5 Nd5 13. Qe4 b5 14. Nd6 Bxd6 15.
Ng5 g6 16. Qh4 h5 17. exd6 c4 18. Bf4 Re8 19. Re1 Rb8 20. a3 Nxf4 21. Qxf4 Qf6
22. Qd2 Bxg2 23. Kxg2 Nb6 24. h4 Red8 25. Re3 Qg7 26. Rf3 Rd7 27. Re1 Nd5 28.
Re4 Rbb7 29. Rxe6 fxe6 30. Nxe6 Qf7 31. Rxf7 Kxf7 32. Nc5 1-0

[Event "SF Olfen 1 - SC Steinfurt 1"]
[Site "Verbandsliga 2017/2018"]
[Date "2018.03.03"]
[Round "7.4"]
[White "Engelkamp, Stephan"]
[Black "Arning, Marcus"]
[Result "0-1"]
[WhiteElo "1917"]
[BlackElo "1893"]
[PlyCount "48"]
[EventDate "2018.??.??"]
[SourceDate "2017.09.16"]

1. c4 e5 2. Nc3 Nc6 3. g3 Bc5 4. Bg2 d6 5. a3 a5 6. e3 Bf5 7. d3 Nge7 8. Nge2
O-O 9. O-O Qd7 10. d4 Ba7 11. Re1 Bg4 12. Qa4 Qf5 13. d5 Nb8 14. Be4 Qh5 15.
Qc2 Nd7 16. b4 Nf6 17. Bg2 Bf3 18. Nb5 axb4 19. axb4 Bb6 20. Bb2 Rxa1 21. Bxa1
Ra8 22. Bb2 Ne4 23. Nec3 Ng5 24. Na4 Bxg2 0-1

[Event "SF Olfen 1 - SC Steinfurt 1"]
[Site "Verbandsliga 2017/2018"]
[Date "2018.03.03"]
[Round "7.5"]
[White "Tempelman, Kristianne"]
[Black "Pinno, Gregor"]
[Result "1/2-1/2"]
[WhiteElo "1843"]
[BlackElo "1776"]
[PlyCount "119"]
[EventDate "2018.??.??"]
[SourceDate "2017.09.16"]

1. d4 d5 2. c4 dxc4 3. e4 e5 4. d5 Nf6 5. Nc3 Bc5 6. h3 O-O 7. Nf3 Qd6 8. Qc2
a6 9. Bxc4 Re8 10. Bg5 Nbd7 11. O-O Nf8 12. Na4 Ba7 13. Bb3 Re7 14. Rac1 Ng6
15. Nh4 Nxh4 16. Bxh4 h6 17. Kh1 g5 18. Bg3 Nh5 19. Nc3 Nf4 20. Ne2 Qg6 21. Bh2
Qh5 22. Ng3 Qg6 23. Rfd1 Kh7 24. Bg1 Qf6 25. Nf5 Bxf5 26. exf5 e4 27. Bc4 Qxf5
28. f3 Bxg1 29. Rxg1 b5 30. fxe4 Qxe4 31. Qxe4+ Rxe4 32. Bb3 Re7 33. Rc6 Ne2
34. Rd1 Nf4 35. d6 cxd6 36. Rdxd6 h5 37. Rf6 Kg7 38. h4 Ng6 39. hxg5 Ne5 40.
Rxa6 Rxa6 41. Rxa6 Ng4 42. g3 Re1+ 43. Kg2 Re2+ 44. Kf3 Rxb2 45. Rb6 Rf2+ 46.
Ke4 Rg2 47. Rb7 Rxg3 48. Bxf7 h4 49. Kf4 Nf2 50. Bd5+ Kg6 51. Rb6+ Kg7 52. Kf5
h3 53. Rb7+ Kf8 54. g6 Rg1 55. Kf6 Ng4+ 56. Ke6 Ne3 57. Be4 h2 58. Rh7 Ng2 59.
Kf5 Ne3+ 60. Ke6 1/2-1/2

[Event "SF Olfen 1 - SC Steinfurt 1"]
[Site "Verbandsliga 2017/2018"]
[Date "2018.03.03"]
[Round "7.6"]
[White "Preuß, Richard"]
[Black "Wild, Helmut"]
[Result "1/2-1/2"]
[WhiteElo "1747"]
[BlackElo "1837"]
[PlyCount "67"]
[EventDate "2018.??.??"]
[SourceDate "2017.09.16"]

1. e4 c6 2. Nf3 d5 3. exd5 cxd5 4. d4 Nc6 5. Bd3 Bg4 6. c3 e6 7. Bf4 Bd6 8.
Bxd6 Qxd6 9. Nbd2 Nge7 10. Qc2 Rc8 11. O-O h6 12. h3 Bxf3 13. Nxf3 a6 14. Rae1
b5 15. Qe2 O-O 16. Ne5 Nxe5 17. Qxe5 Qxe5 18. Rxe5 Nc6 19. Re2 Na5 20. f4 Rc6
21. f5 Nc4 22. Rfe1 Re8 23. fxe6 Rcxe6 24. Rxe6 Rxe6 25. Rxe6 fxe6 26. b3 Nb6
27. Kf2 Kf7 28. Ke3 Kf6 29. Be2 g6 30. Kf4 Nc8 31. c4 dxc4 32. bxc4 bxc4 33.
Bxc4 a5 34. Bd3 1/2-1/2

[Event "SF Olfen 1 - SC Steinfurt 1"]
[Site "Verbandsliga 2017/2018"]
[Date "2018.03.03"]
[Round "7.7"]
[White "Janning, Rainer"]
[Black "Steffens, Gerd"]
[Result "0-1"]
[WhiteElo "1901"]
[BlackElo "1787"]
[PlyCount "108"]
[EventDate "2018.??.??"]
[SourceDate "2017.09.16"]

1. f4 e6 2. Nf3 b6 3. e3 Bb7 4. b3 f5 5. Bb2 Nf6 6. g3 Be7 7. Bg2 O-O 8. O-O
Qe8 9. c4 d6 10. Nc3 Nbd7 11. Qe2 Nc5 12. Nd4 Bxg2 13. Qxg2 Qd7 14. Qe2 e5 15.
fxe5 dxe5 16. Nxf5 Bd6 17. d4 exd4 18. exd4 Rae8 19. Qc2 Nce4 20. Nxe4 Nxe4 21.
Nxd6 Rxf1+ 22. Rxf1 Qxd6 23. Qd3 Qg6 24. Ba3 h5 25. Rf4 Qe6 26. Qf3 Nf6 27. Bb4
c5 28. dxc5 bxc5 29. Bxc5 Qe1+ 30. Qf1 Qd2 31. Rf2 Qc3 32. Re2 Rc8 33. Bd6 Qd4+
34. Qf2 Qxd6 35. Rd2 Qe5 36. Re2 Qa5 37. Kg2 Rf8 38. Qd4 Qc7 39. Rd2 Qc6+ 40.
Kh3 Qe6+ 41. Kg2 Ng4 42. Qd3 Ne3+ 43. Kg1 Rf1+ 44. Qxf1 Nxf1 45. Kxf1 Qe4 46.
Rf2 g5 47. Kg1 Kg7 48. Kf1 Kg6 49. Kg1 a5 50. Kf1 h4 51. gxh4 Qxh4 52. Kg2 Qg4+
53. Kf1 Qe4 54. Kg1 Kh5 0-1

[Event "SF Olfen 1 - SC Steinfurt 1"]
[Site "Verbandsliga 2017/2018"]
[Date "2018.03.03"]
[Round "7.8"]
[White "Limberg, Johannes"]
[Black "Raue, Thorsten"]
[Result "0-1"]
[WhiteElo "1609"]
[BlackElo "1835"]
[PlyCount "44"]
[EventDate "2018.??.??"]
[SourceDate "2017.09.16"]

1. e4 Nc6 2. Nf3 f5 3. Nc3 fxe4 4. Nxe4 d5 5. Ng3 e5 6. Bb5 Bg4 7. h3 Bxf3 8.
Qxf3 Nf6 9. b3 Bd6 10. Nf5 O-O 11. Bxc6 bxc6 12. Qg3 Qd7 13. Nxd6 cxd6 14. d3
Rae8 15. O-O Nh5 16. Qh4 Qf7 17. Bd2 Re6 18. Rae1 Rg6 19. Kh1 Rf6 20. Kg1 Qg6
21. Qg4 Qf7 22. Re2 Rg6 0-1

[Event "SK Metelen 1 - TV Borken 1"]
[Site "Verbandsliga 2017/2018"]
[Date "2018.03.03"]
[Round "7.1"]
[White "Schulze-Schwering, Philipp"]
[Black "Bernink, Henk"]
[Result "1/2-1/2"]
[WhiteElo "2074"]
[BlackElo "2102"]
[PlyCount "25"]
[EventDate "2018.??.??"]
[SourceDate "2017.09.16"]

1. d4 d5 2. c4 e5 3. dxe5 d4 4. Nf3 Nc6 5. g3 Be6 6. b3 Qd7 7. Bb2 O-O-O 8. Bg2
Nge7 9. Na3 Bh3 10. O-O h5 11. Nc2 Bxg2 12. Kxg2 h4 13. gxh4 1/2-1/2

[Event "SK Metelen 1 - TV Borken 1"]
[Site "Verbandsliga 2017/2018"]
[Date "2018.03.03"]
[Round "7.2"]
[White "Schudro, Vasily"]
[Black "Beckmann, David"]
[Result "1/2-1/2"]
[WhiteElo "2017"]
[BlackElo "2009"]
[PlyCount "43"]
[EventDate "2018.??.??"]
[SourceDate "2017.09.16"]

1. e4 e6 2. Qe2 b6 3. g3 Bb7 4. d3 c5 5. Bg2 Nc6 6. Nf3 Be7 7. O-O Nf6 8. c3
Qc8 9. e5 Nd5 10. c4 Nc7 11. b3 d5 12. exd6 Bxd6 13. Bb2 O-O 14. Nbd2 Be7 15.
Ne4 Ne8 16. Rad1 Nd6 17. Nxd6 Bxd6 18. Ng5 Nd4 19. Bxd4 cxd4 20. Bxb7 Qxb7 21.
Qh5 h6 22. Ne4 1/2-1/2

[Event "SK Metelen 1 - TV Borken 1"]
[Site "Verbandsliga 2017/2018"]
[Date "2018.03.03"]
[Round "7.3"]
[White "Vijayakumaran, Vithoosan"]
[Black "Grotenhuis, Gerard"]
[Result "1/2-1/2"]
[WhiteElo "1715"]
[BlackElo "1902"]
[PlyCount "31"]
[EventDate "2018.??.??"]
[SourceDate "2017.09.16"]

1. d4 d5 2. c4 e5 3. dxe5 d4 4. a3 a5 5. Nf3 Nc6 6. Nbd2 Bc5 7. Ne4 b6 8. Bg5
Be7 9. Bf4 Bg4 10. Qa4 Qd7 11. O-O-O O-O-O 12. Qb5 Kb7 13. e3 Bxf3 14. gxf3 f6
15. exf6 Nxf6 16. Ng5 1/2-1/2

[Event "SK Metelen 1 - TV Borken 1"]
[Site "Verbandsliga 2017/2018"]
[Date "2018.03.03"]
[Round "7.4"]
[White "Zachej, Arne"]
[Black "Farwick, Christian"]
[Result "1/2-1/2"]
[WhiteElo "1870"]
[BlackElo "1827"]
[PlyCount "39"]
[EventDate "2018.??.??"]
[SourceDate "2017.09.16"]

1. d4 Nf6 2. Nf3 d5 3. c4 c6 4. Nc3 e6 5. Bg5 Be7 6. cxd5 exd5 7. Qc2 O-O 8. e3
Nbd7 9. Bd3 Re8 10. Ne5 h6 11. Bf4 Nxe5 12. Bxe5 Bd6 13. Bxd6 Qxd6 14. h3 Bd7
15. g4 b5 16. O-O-O b4 17. Na4 Ne4 18. Bxe4 Rxe4 19. Nc5 Re7 20. Kb1 1/2-1/2

[Event "SK Metelen 1 - TV Borken 1"]
[Site "Verbandsliga 2017/2018"]
[Date "2018.03.03"]
[Round "7.6"]
[White "Gravenkötter, Christian"]
[Black "Bohn, Andreas"]
[Result "1/2-1/2"]
[WhiteElo "1711"]
[BlackElo "1829"]
[PlyCount "34"]
[EventDate "2018.??.??"]
[SourceDate "2017.09.16"]

1. e4 c5 2. b3 e6 3. Bb2 d6 4. Bb5+ Bd7 5. Bxd7+ Nxd7 6. Ne2 Ngf6 7. d3 Be7 8.
Nd2 O-O 9. O-O Qc7 10. c4 d5 11. exd5 exd5 12. d4 Rac8 13. cxd5 cxd4 14. Nxd4
Nxd5 15. Nf5 Bf6 16. Rc1 Qf4 17. Bxf6 N7xf6 1/2-1/2

[Event "SK Metelen 1 - TV Borken 1"]
[Site "Verbandsliga 2017/2018"]
[Date "2018.03.03"]
[Round "7.7"]
[White "Wagner, Nils-Frederic"]
[Black "Blanke, Martin"]
[Result "1/2-1/2"]
[WhiteElo "1725"]
[BlackElo "1651"]
[PlyCount "30"]
[EventDate "2018.??.??"]
[SourceDate "2017.09.16"]

1. c4 b6 2. Nf3 Bb7 3. Nc3 Nf6 4. d4 h6 5. e3 e6 6. Be2 Be7 7. O-O O-O 8. a3 c6
9. Bd2 d5 10. cxd5 exd5 11. Rc1 Nbd7 12. Bd3 Rc8 13. Qe2 Nb8 14. Rfd1 Bd6 15.
Bb1 Re8 1/2-1/2

[Event "SK Metelen 1 - TV Borken 1"]
[Site "Verbandsliga 2017/2018"]
[Date "2018.03.03"]
[Round "7.8"]
[White "Focke, Robert"]
[Black "Boldrick, Marcel"]
[Result "1/2-1/2"]
[WhiteElo "1534"]
[BlackElo "1605"]
[PlyCount "30"]
[EventDate "2018.??.??"]
[SourceDate "2017.09.16"]

1. f4 d5 2. d4 Nf6 3. e3 Bf5 4. Nf3 Nbd7 5. Bd3 Ne4 6. O-O e6 7. Nbd2 Be7 8. a3
O-O 9. Ne5 Nxe5 10. fxe5 c5 11. Qf3 Nxd2 12. Bxd2 Bxd3 13. cxd3 f6 14. Qh3 Qb6
15. Bc3 Rae8 1/2-1/2

[Event "SV Heiden 1 - SF Telgte 1"]
[Site "Verbandsliga 2017/2018"]
[Date "2018.03.03"]
[Round "7.1"]
[White "Hackl-Sommer, René"]
[Black "Berger, Alfred"]
[Result "0-1"]
[WhiteElo "1984"]
[BlackElo "1951"]
[PlyCount "74"]
[EventDate "2018.??.??"]
[SourceDate "2017.09.16"]

1. b3 d6 2. Bb2 Nd7 3. g3 e5 4. Bg2 g6 5. d4 Bg7 6. Nf3 e4 7. Nfd2 f5 8. c4 c5
9. e3 Ngf6 10. Qc2 h5 11. b4 h4 12. bxc5 dxc5 13. Nb3 b6 14. dxc5 Nxc5 15. Nxc5
bxc5 16. Nc3 Kf7 17. Rd1 Qa5 18. O-O Rb8 19. Nxe4 Nxe4 20. Bxg7 Kxg7 21. Bxe4
fxe4 22. Qxe4 Qc7 23. Rd5 Bf5 24. Qe5+ Qxe5 25. Rxe5 hxg3 26. hxg3 Rb2 27. Rd1
Kf6 28. Rdd5 Bh3 29. Rxc5 Rb1+ 30. Kh2 Bf1+ 31. Kg1 Bh3+ 32. Kh2 Bg4+ 33. Kg2
Rhh1 34. f4 Rhg1+ 35. Kh2 Bf3 36. g4 Rg2+ 37. Kh3 Rh1# 0-1

[Event "SV Heiden 1 - SF Telgte 1"]
[Site "Verbandsliga 2017/2018"]
[Date "2018.03.03"]
[Round "7.2"]
[White "Wienen, Hermann"]
[Black "Lodde, Martin"]
[Result "1/2-1/2"]
[WhiteElo "1928"]
[BlackElo "1962"]
[PlyCount "44"]
[EventDate "2018.??.??"]
[SourceDate "2017.09.16"]

1. e4 e6 2. d4 d5 3. exd5 exd5 4. Nf3 c5 5. Bb5+ Bd7 6. Bxd7+ Nxd7 7. O-O Bd6
8. Nc3 Ne7 9. Bg5 f6 10. Bh4 O-O 11. Qe2 Rf7 12. Bg3 Bxg3 13. hxg3 c4 14. Rfe1
Nf8 15. Qd2 Qd7 16. Re2 b5 17. Rae1 a6 18. g4 h6 19. Nh2 Nc6 20. Re3 Rd8 21.
Ne2 Re7 22. Ng3 Rde8 1/2-1/2

[Event "SV Heiden 1 - SF Telgte 1"]
[Site "Verbandsliga 2017/2018"]
[Date "2018.03.03"]
[Round "7.3"]
[White "Kuhlenbäumer, Willi"]
[Black "Ehrlich, Hans-Georg"]
[Result "1/2-1/2"]
[WhiteElo "1925"]
[BlackElo "1788"]
[PlyCount "34"]
[EventDate "2018.??.??"]
[SourceDate "2017.09.16"]

1. e4 d5 2. exd5 Qxd5 3. Nc3 Qd8 4. Bc4 Nf6 5. h3 c6 6. Nf3 b5 7. Bb3 a5 8. a3
e6 9. O-O Be7 10. Re1 O-O 11. d3 Qb6 12. Qe2 Re8 13. Ne5 Bd6 14. Ng4 Nbd7 15.
Bg5 Nxg4 16. hxg4 Nc5 17. Be3 Qc7 1/2-1/2

[Event "SV Heiden 1 - SF Telgte 1"]
[Site "Verbandsliga 2017/2018"]
[Date "2018.03.03"]
[Round "7.4"]
[White "Sicking, Norbert"]
[Black "Junker, Axel"]
[Result "1/2-1/2"]
[WhiteElo "1809"]
[BlackElo "1878"]
[PlyCount "81"]
[EventDate "2018.??.??"]
[SourceDate "2017.09.16"]

1. d4 Nf6 2. Nf3 b5 3. g3 Bb7 4. Bg2 e6 5. O-O c5 6. c3 Qb6 7. Nbd2 d5 8. b3
Nbd7 9. Bb2 Be7 10. Re1 O-O 11. a3 a5 12. Qb1 Ne4 13. Nxe4 dxe4 14. Nd2 f5 15.
e3 Bf6 16. Qa2 Kh8 17. f4 exf3 18. Nxf3 Rae8 19. Rad1 e5 20. Re2 e4 21. Ne1
cxd4 22. cxd4 Bd5 23. Rc1 a4 24. Qb1 axb3 25. Rc3 Rc8 26. Qc1 Rxc3 27. Qxc3 Ra8
28. Bf1 Be7 29. Rf2 g6 30. Ng2 Bd6 31. Nf4 Bxf4 32. Rxf4 Qa5 33. Qc1 h5 34. Be2
Kg7 35. h3 Qa6 36. g4 hxg4 37. hxg4 Rc8 38. Qf1 Bc4 39. d5+ Kf7 40. Bxc4 bxc4
41. Qe1 1/2-1/2

[Event "SV Heiden 1 - SF Telgte 1"]
[Site "Verbandsliga 2017/2018"]
[Date "2018.03.03"]
[Round "7.5"]
[White "Kuhlenbäumer, Alfred"]
[Black "Herdering, Martin"]
[Result "1/2-1/2"]
[WhiteElo "1879"]
[BlackElo "1799"]
[PlyCount "105"]
[EventDate "2018.??.??"]
[SourceDate "2017.09.16"]

1. e4 e5 2. Nf3 Nf6 3. Nxe5 d6 4. Nc4 Nxe4 5. d3 Nf6 6. Be2 Be7 7. O-O O-O 8.
d4 d5 9. Ne5 Ne4 10. f3 Nd6 11. Nc3 c6 12. Kh1 Re8 13. Bd3 Bf5 14. Ne2 Nd7 15.
Ng3 Bxd3 16. Qxd3 Bf6 17. Ng4 Bg5 18. Be3 Bxe3 19. Nxe3 Nf8 20. Nef5 Nxf5 21.
Nxf5 Qd7 22. Rfe1 Ng6 23. g3 Re6 24. Rxe6 Qxe6 25. Kg2 Re8 26. Kf2 Nf8 27. h4
Nd7 28. Qe3 g6 29. Qxe6 Rxe6 30. Ne3 Nb6 31. b3 f6 32. Rd1 Nc8 33. c4 dxc4 34.
bxc4 Kf7 35. Rb1 Re7 36. Ke2 Nd6 37. Kd3 Rd7 38. g4 Nc8 39. g5 Ne7 40. Ng4 Nf5
41. Nxf6 Rxd4+ 42. Kc3 b6 43. h5 gxh5 44. Nxh5 Kg6 45. Ng3 Rf4 46. Nxf5 Rxf5
47. f4 Rxf4 48. Rh1 c5 49. Rh6+ Kg7 50. Rd6 Rf3+ 51. Kb2 Rf7 52. Kb3 Re7 53.
Ka4 1/2-1/2

[Event "SV Heiden 1 - SF Telgte 1"]
[Site "Verbandsliga 2017/2018"]
[Date "2018.03.03"]
[Round "7.6"]
[White "Winzenhörlein, Thomas"]
[Black "Esser, Peter"]
[Result "1-0"]
[WhiteElo "1738"]
[BlackElo "1749"]
[PlyCount "109"]
[EventDate "2018.??.??"]
[SourceDate "2017.09.16"]

1. f4 d5 2. Nf3 g6 3. e3 Bg7 4. Be2 Nf6 5. d3 O-O 6. O-O c5 7. Nc3 Nc6 8. e4 d4
9. Nb1 Qc7 10. a4 b6 11. Na3 a6 12. Bd2 Bd7 13. Rc1 Rfd8 14. h3 Qb7 15. Qe1 Ne8
16. f5 gxf5 17. exf5 Bxf5 18. Qg3 Bg6 19. Nh4 Nd6 20. Nxg6 hxg6 21. h4 Be5 22.
Bf4 Bxf4 23. Rxf4 e5 24. Rf6 Ne8 25. Rf2 Rd6 26. Rcf1 Qe7 27. Rxf7 Qxf7 28.
Rxf7 Kxf7 29. Nc4 Re6 30. Bg4 Rf6 31. Nxb6 Ra7 32. Nd7 Rd6 33. Nxc5 Nf6 34. Qf3
Ke7 35. Bc8 Nb4 36. c3 dxc3 37. bxc3 Nbd5 38. c4 Rc6 39. cxd5 Rxc5 40. Be6 Nd7
41. Qf7+ Kd6 42. Qxg6 Rcc7 43. h5 Nf8 44. Qf5 Nxe6 45. Qxe6+ Kc5 46. d6 Rd7 47.
Qxe5+ Kb4 48. Qd4+ Kb3 49. g4 Rab7 50. Qc4+ Ka3 51. Qc6 Rg7 52. Kh2 Rb2+ 53.
Kh3 Rb3 54. Qc5+ Rb4 55. Qc3+ 1-0

[Event "SV Heiden 1 - SF Telgte 1"]
[Site "Verbandsliga 2017/2018"]
[Date "2018.03.03"]
[Round "7.7"]
[White "Dieckmann, Werner"]
[Black "Kloster, Elisabeth"]
[Result "1/2-1/2"]
[WhiteElo "1807"]
[BlackElo "1769"]
[PlyCount "42"]
[EventDate "2018.??.??"]
[SourceDate "2017.09.16"]

1. d4 Nf6 2. Nf3 g6 3. Bg5 Bg7 4. Nbd2 O-O 5. e3 d6 6. Be2 Nbd7 7. O-O b6 8. c3
Bb7 9. Qc2 Rc8 10. Rfd1 c5 11. Qb3 h6 12. Bh4 g5 13. Bg3 Nh5 14. Ne1 Nxg3 15.
hxg3 Nf6 16. Bf3 Bxf3 17. gxf3 Qd7 18. Kg2 Rfe8 19. Qc2 cxd4 20. exd4 Qb7 21.
Ne4 d5 1/2-1/2

[Event "SV Heiden 1 - SF Telgte 1"]
[Site "Verbandsliga 2017/2018"]
[Date "2018.03.03"]
[Round "7.8"]
[White "Vestrick, Frank"]
[Black "Schenke, Conrad"]
[Result "1/2-1/2"]
[WhiteElo "1748"]
[BlackElo "1696"]
[PlyCount "95"]
[EventDate "2018.??.??"]
[SourceDate "2017.09.16"]

1. d4 d5 2. c4 c6 3. Nc3 Nf6 4. Nf3 e6 5. Bg5 Be7 6. e3 b6 7. cxd5 exd5 8. Ne5
Bb7 9. Be2 Nbd7 10. Nxd7 Nxd7 11. Bxe7 Qxe7 12. O-O Nf6 13. Rc1 O-O 14. Qb3
Rfe8 15. a3 Qd6 16. Bf3 Ba6 17. Be2 Bxe2 18. Nxe2 Ne4 19. Qa4 Rec8 20. Rc2 Rc7
21. Rfc1 Rac8 22. Nf4 g5 23. Nd3 c5 24. Ne5 f6 25. Nd3 c4 26. Nb4 a5 27. Na2 g4
28. Qb5 Qc6 29. Qxc6 Rxc6 30. Nc3 Nxc3 31. bxc3 b5 32. Rb2 Rb8 33. Rcb1 Rcb6
34. f3 h5 35. Kf2 Kg7 36. Kg3 f5 37. Kf4 Kf6 38. h3 gxh3 39. gxh3 h4 40. e4
fxe4 41. fxe4 dxe4 42. Kxe4 Re6+ 43. Kf4 Rbe8 44. Rxb5 Re4+ 45. Kf3 Re3+ 46.
Kf2 Rxc3 47. Rxa5 Rxh3 48. Rc5 1/2-1/2

[Event "SK Münster 4 - Schach Nienberge 2"]
[Site "Verbandsliga 2017/2018"]
[Date "2018.03.03"]
[Round "7.1"]
[White "da Costa Campos, André"]
[Black "Jansen, Dirk"]
[Result "0-1"]
[WhiteElo "1942"]
[BlackElo "1955"]
[PlyCount "68"]
[EventDate "2018.??.??"]
[SourceDate "2017.09.16"]

1. e4 e6 2. d4 d5 3. Nd2 Nf6 4. e5 Nfd7 5. Bd3 c5 6. c3 Nc6 7. Ne2 cxd4 8. cxd4
f6 9. exf6 Nxf6 10. Nf3 Bd6 11. O-O Qc7 12. Nc3 a6 13. Re1 O-O 14. Bg5 h6 15.
Bxf6 Rxf6 16. Rc1 Bd7 17. Bb1 Be8 18. h3 Bh5 19. Qd3 Bg6 20. Qe2 Bxb1 21. Rxb1
Raf8 22. Red1 Qf7 23. Rd2 Qg6 24. Qd3 Qh5 25. Nd1 Nb4 26. Qe2 Qg6 27. a3 Qxb1
28. axb4 Qg6 29. Ne5 Bxe5 30. Qxe5 Qf5 31. Qe2 Rc8 32. Ne3 Rc1+ 33. Kh2 Qf4+
34. g3 Qe4 0-1

[Event "SK Münster 4 - Schach Nienberge 2"]
[Site "Verbandsliga 2017/2018"]
[Date "2018.03.03"]
[Round "7.2"]
[White "Voß, Norbert"]
[Black "Melkert, Tim"]
[Result "1/2-1/2"]
[WhiteElo "1850"]
[BlackElo "1946"]
[PlyCount "21"]
[EventDate "2018.??.??"]
[SourceDate "2017.09.16"]

1. c4 b6 2. Nc3 Bb7 3. e4 e6 4. Nf3 Bb4 5. Bd3 Ne7 6. O-O O-O 7. a3 Bxc3 8.
dxc3 d6 9. Qe2 Nd7 10. b4 e5 11. Nh4 1/2-1/2

[Event "SK Münster 4 - Schach Nienberge 2"]
[Site "Verbandsliga 2017/2018"]
[Date "2018.03.03"]
[Round "7.3"]
[White "Wetterau, Georg"]
[Black "Schöpper, Oliver"]
[Result "0-1"]
[WhiteElo "1805"]
[BlackElo "1816"]
[PlyCount "82"]
[EventDate "2018.??.??"]
[SourceDate "2017.09.16"]

1. e4 Nf6 2. Nc3 d5 3. exd5 Nxd5 4. g3 Nxc3 5. bxc3 Qd5 6. Qf3 Qxf3 7. Nxf3 Nc6
8. Bg2 Bf5 9. Nd4 Nxd4 10. cxd4 O-O-O 11. d3 Rxd4 12. O-O Ra4 13. Bd5 f6 14.
Bb3 Ra6 15. Bc4 Rd6 16. Be3 a6 17. f4 Be6 18. Bc5 Rc6 19. Bxe6+ Rxe6 20. Rfe1
Rxe1+ 21. Rxe1 Kd7 22. f5 g6 23. g4 gxf5 24. gxf5 Rg8+ 25. Kh1 Rg5 26. Rf1 b6
27. Be3 Rh5 28. Rf3 e6 29. fxe6+ Kxe6 30. Bd4 f5 31. c4 Bd6 32. h3 f4 33. Bc3
Kf5 34. Kg2 Rg5+ 35. Kf2 Bc5+ 36. d4 Bd6 37. a4 Ke4 38. a5 Rg3 39. Rxg3 fxg3+
40. Kg2 Kd3 41. c5 bxc5 0-1

[Event "SK Münster 4 - Schach Nienberge 2"]
[Site "Verbandsliga 2017/2018"]
[Date "2018.03.03"]
[Round "7.4"]
[White "Voß, Andreas"]
[Black "Schipke, Thorsten"]
[Result "0-1"]
[WhiteElo "1806"]
[BlackElo "1839"]
[PlyCount "68"]
[EventDate "2018.??.??"]
[SourceDate "2017.09.16"]

1. d4 d5 2. c4 e5 3. dxe5 d4 4. Nf3 Nc6 5. Nbd2 Bg4 6. a3 a5 7. h3 Bxf3 8. Nxf3
Bc5 9. Qa4 Nge7 10. Bg5 O-O 11. Rd1 Qe8 12. Qb5 Bb6 13. g3 a4 14. Bd2 Ng6 15.
Bg2 Ngxe5 16. Nxe5 Nxe5 17. Qxe8 Rfxe8 18. Bf4 Nxc4 19. Bxb7 Rad8 20. Ba6 Ba5+
21. Kf1 Nxb2 22. Rb1 Rb8 23. Rc1 Rb6 24. Bc4 Nxc4 25. Rxc4 Rb1+ 26. Kg2 Rxh1
27. Kxh1 Bb6 28. Rxa4 h6 29. Rc4 g5 30. Bc1 Rxe2 31. Kg2 d3 32. Kf1 Rxf2+ 33.
Ke1 Re2+ 34. Kd1 Ba5 0-1

[Event "SK Münster 4 - Schach Nienberge 2"]
[Site "Verbandsliga 2017/2018"]
[Date "2018.03.03"]
[Round "7.5"]
[White "Kluczka, Konrad"]
[Black "Börger, Andreas"]
[Result "1/2-1/2"]
[WhiteElo "1787"]
[BlackElo "1774"]
[PlyCount "36"]
[EventDate "2018.??.??"]
[SourceDate "2017.09.16"]

1. e4 e6 2. d4 d5 3. exd5 exd5 4. Nf3 Nf6 5. Bd3 Bg4 6. Bf4 Be7 7. Nbd2 O-O 8.
c3 Nh5 9. Bg3 Bg5 10. O-O Bxd2 11. Qxd2 Bxf3 12. gxf3 Nd7 13. Bf5 g6 14. Bg4
Ng7 15. Qh6 c6 16. Rfe1 Re8 17. Bh4 Qc7 18. Bg3 Qd8 1/2-1/2

[Event "SK Münster 4 - Schach Nienberge 2"]
[Site "Verbandsliga 2017/2018"]
[Date "2018.03.03"]
[Round "7.6"]
[White "Sokolowski, Cyril"]
[Black "Schulte Austum, Frank"]
[Result "1-0"]
[WhiteElo "1725"]
[BlackElo "1744"]
[PlyCount "69"]
[EventDate "2018.??.??"]
[SourceDate "2017.09.16"]

1. e4 e6 2. d4 d5 3. Nc3 dxe4 4. Nxe4 Bd7 5. Nf3 Bc6 6. Bd3 Bxe4 7. Bxe4 c6 8.
c3 Nf6 9. Bd3 Bd6 10. O-O Nbd7 11. Re1 Qc7 12. Qe2 Bf4 13. Ne5 Bxe5 14. dxe5
Nd5 15. Bd2 Ne7 16. Rad1 Ng6 17. f4 Rd8 18. Be3 b6 19. Be4 O-O 20. Qh5 Nc5 21.
Bc2 Rxd1 22. Rxd1 Rd8 23. Bd4 Nd7 24. Rf1 c5 25. Be3 Ndf8 26. Qe2 Ne7 27. Be4
Nfg6 28. Qg4 Nd5 29. Bc1 c4 30. Qg3 Nge7 31. Qh4 Qc5+ 32. Kh1 g6 33. Rf3 Ne3
34. Rxe3 Qxe3 35. Bxe3 1-0

[Event "SK Münster 4 - Schach Nienberge 2"]
[Site "Verbandsliga 2017/2018"]
[Date "2018.03.03"]
[Round "7.7"]
[White "Scharlow, Siegmar"]
[Black "Stumpe, Danny"]
[Result "1-0"]
[WhiteElo "1691"]
[BlackElo "1685"]
[PlyCount "23"]
[EventDate "2018.??.??"]
[SourceDate "2017.09.16"]

1. d4 g6 2. e4 d6 3. f4 Bg7 4. Nc3 Nd7 5. Nf3 c5 6. Be3 e6 7. Nb5 Qb6 8. dxc5
dxc5 9. Nd6+ Ke7 10. e5 Nh6 11. Bb5 Nf5 12. Nxc8+ 1-0